| Tag |
First Indicator |
Second Indicator |
Subfields |
| LEADER |
00000cam a2200000 4500 |
| 001 |
in00001403477 |
| 005 |
20151020055530.0 |
| 008 |
740109s1973 wiuk 001 0 eng d |
| 019 |
|
|
|a 00770165
|a 01269435
|a 03739699
|
| 035 |
|
|
|a (OCoLC)00772885
|
| 035 |
|
|
|9 AHN4726AM
|
| 040 |
|
|
|a VTU
|c VTU
|d AKM
|d OCL
|d BAN
|d OCL
|d TXA
|d UtOrBLW
|
| 049 |
|
|
|a TXAM
|
| 090 |
|
|
|a CD950
|b .S62
|
| 110 |
2 |
|
|a Society of American Archivists.
|b College and University Archives Committee.
|
| 245 |
1 |
0 |
|a Forms manual.
|
| 264 |
|
1 |
|a [Madison, Wis.],
|b [publisher not identified] ;
|c [1973]
|
| 300 |
|
|
|a v, 236 pages :
|b forms. ;
|c 28 cm.
|
| 336 |
|
|
|a text
|b txt
|2 rdacontent
|
| 337 |
|
|
|a unmediated
|b n
|2 rdamedia
|
| 338 |
|
|
|a volume
|b nc
|2 rdacarrier
|
| 500 |
|
|
|a Introduction signed J. Frank Cook.
|
| 500 |
|
|
|a Cover title.
|
| 650 |
|
0 |
|a Archives
|v Handbooks, manuals, etc.
|
| 650 |
|
0 |
|a Manuscripts
|x Handbooks, manuals, etc.
|
| 650 |
|
2 |
|a Archives
|x forms.
|
| 650 |
|
2 |
|a Manuscripts
|x forms.
|
| 700 |
1 |
|
|a Cook, J. Frank.
|
| 999 |
|
|
|a MARS
|
| 999 |
f |
f |
|s 05ab3e74-bc52-3922-acbf-ccaa2e59e5af
|i 1cf35f54-2451-3002-a2f7-5dda0eefa7e0
|t 0
|
| 952 |
f |
f |
|p noncirc
|a Texas A&M University
|b College Station
|c Cushing Memorial Library & Archives
|d Cushing: Reference (Does not check out)
|t 0
|e CD950 .S62 1973
|h Library of Congress classification
|i unmediated -- volume
|
| 998 |
f |
f |
|a CD950 .S62 1973
|t 0
|l Cushing: Reference (Does not check out)
|